| 000 | 00507nam a2200181Ia 4500 | ||
|---|---|---|---|
| 001 | 22876 | ||
| 005 | 20260414150900.0 | ||
| 008 | 260414t2008||||xx |||||||||||||| ||spa|| | ||
| 041 | _aESP | ||
| 082 |
_a624.157 _bP31 |
||
| 100 |
_aPavón R., Victor M. _eAUT |
||
| 245 | 0 |
_aGuía para el análisis y diseño sísmico de las estructuras de concreto reforzado para contener líquidos _b |
|
| 260 | _c2008 | ||
| 300 |
_a112 páginas : _c28 cm. |
||
| 650 | _a0 | ||
| 654 | _aCIC | ||
| 942 |
_cLIB _dJUS _fJUS _2ddc _n |
||
| 999 |
_c22876 _d22876 |
||